000 02474nam a2200205 a 4500
001 000026286
005 20200930024449.0
008 081201s2011 dr ac 000 0 spa d
020 _a9789945452402
040 _aDO-SdBNP
_bspa
_cBNPHU
082 _aR 796.357097293
_bG216e
100 1 _aGarcía Estrella, Félix,
_918735
245 1 0 _aEnciclopedia total del béisbol invernal dominicano.
260 _aSanto Domingo :
_bNuevo Diario,
_c2011.
300 _a3 v. :
_bil., retrs. ;
_c27 cm.
505 0 _gv.1
_tLa pre-historia del béisbol ;
_tHistoria de los equipos;
_tDel macuto a los millones;
_tLos intelectuales y el béisbol dominicana;
_tLa crónica deportiva y el béisbol, un matrimonio sin divorcio;
_tLa promoción comercial y el béisbol ;
_tLos estadios tienen su historia ;
_tCampeonatos de la ciudad de Santo Domingo o "city champ";
_tLa liga dominicana del béisbol profesional ;
_tEl "mercado negro" también tiene su historia ;
_tIncidentes de nuestro béisbol ;
_tLa expasión del béisbol profesional dominicano ;
_tJuegos estrellas ;
_tJuegos interligas ;
_tSerie del Caribe y la calidad del béisbol dominicano ;
_tResumen total de todos los torneos realizados en el país ;
_tDraf ;
_tPremiaciones deportivas ;
_tEfémerides ;
_tCambios --
_gv.2
_tLíderes en juegos de apertura ;
_tEstadísticas ofensivas individuales ;
_tEstadísticas ofensivas colectivas ;
_tEstadísticas individuales de pitcheo ;
_tEstadísticas colectivas de pitcheo ;
_tEstadísticas defensiva individual ;
_tEstadísticas defensiva colectiva ;
_tMiscelaneos ;
_tManagers ;
_tSeries del Caribe ;
_tSorteos de jugadores (Draft) ;
_tJuegos interligas ;
_tPremiaciones ;
_tApendice (Los records) ;
_tÍndice alfabético de jugadores --
_gv.3
_tNovato del año ;
_tPremio Cy Young ;
_tJugador mas valioso ;
_tManager del año ;
_tInmortales que han reforzado en el país ;
_tComité de veteranos ;
_tNacionalidad de los refuerzos del béisbol criollo ;
_tCantidad de refuerzos por páises ;
_tRefuerzos con cinco o más temporadas ;
_tJugadores importados que han jugado en la liga ;
_tJugadores importados con dos equipos dominicanos en una misma campaña ;
_tJugadores fallecidos; dominicanos y refuerzos ;
_tRecords sagrados del béisbol invernal dominicano ;
_tEstadísticas individuales bateadores ;
_tEstadísticas individuales lanzadores.
650 4 _aBéisbol
_zRepública Dominicana
_xHistoria
_91158
650 4 _aJugadores de béisbol
_zRepública Dominicana
_xHistoria
_953313
910 _aValidado. Control de calidad MFF
999 _c25778
_d25778